Estadísticas para Los 10 países más ricos de África

Haz click aquí para intentar la prueba.

Estadísticas generales

  • Esta prueba ha sido intentada 104 veces
  • La puntuación promedio es 8 de 10

Estadísticas de respuestas

PBI en $Pais% Correcto
263 M $Egipto
100%
346 M $Sudáfrica
100%
263 M $Argelia
97%
119 M $Marruecos
96%
463 M $Nigeria
89%
89 M $Etiopía
80%
91 M $Angola
75%
89 M $Kenia
70%
89 M $Tanzania
69%
89 M $Ghana
55%

Distribución de puntuación

Porcentaje por número respondido

Porcentaje de gente con cada puntuación

Historial de tus puntuaciones

No has intentado esta prueba.